Consejo de guerra / (Registro nro. 108953)

Detalles MARC
000 -LEADER
campo de control de longitud fija 00576nam a2200193 4500
001 - NÚMERO DE CONTROL
campo de control 108953
003 - IDENTIFICADOR DE NÚMERO DE CONTROL
campo de control ES-MaACL
005 - FECHA Y HORA DE LA ÚLTIMA TRANSACCIÓN
campo de control 20230906184739.0
007 - CAMPO FIJO DE DESCRIPCIÓN FÍSICA--INFORMACIÓN GENERAL
campo de control de longitud fija t|
008 - DATOS DE LONGITUD FIJA--INFORMACIÓN GENERAL
campo de control de longitud fija 061121s1972 sp r ||||1| spa d
100 1# - ENTRADA PRINCIPAL--NOMBRE DE PERSONA
Nombre de persona Moore, Robin.
9 (RLIN) 82824
245 10 - MENCIÓN DEL TÍTULO
Título Consejo de guerra /
Mención de responsabilidad, etc. por Robin Moore y Henry Rothblatt ; [ traducción de J. Ferrer Aleu].
250 ## - MENCION DE EDICION
Mención de edición [1.ª ed.].
260 ## - PUBLICACIÓN, DISTRIBUCIÓN, ETC.
Lugar de publicación, distribución, etc. Barcelona :
Nombre del editor, distribuidor, etc. Plaza Janés,
Fecha de publicación, distribución, etc. 1972.
300 ## - DESCRIPCIÓN FÍSICA
Extensión 488 p. ;
Dimensiones 20 m.
700 1# - ENTRADA AGREGADA--NOMBRE PERSONAL
Nombre de persona Rothblatt, Henry.
9 (RLIN) 99964
700 1# - ENTRADA AGREGADA--NOMBRE PERSONAL
Nombre de persona Ferrer Aleu, J.
9 (RLIN) 50442
852 ## - LOCALIZACIÓN
Ubicación ES-MaACL
Número de control de estantería C-49467
Sublocalización o colección R.84257
Existencias
Estatus retirado Estado de pérdida Estado de daño No para préstamo Biblioteca de origen Biblioteca actual Ubicación en estantería Fecha de adquisición Fuente de adquisición Total de préstamos Signatura topográfica completa Código de barras Visto por última vez Precio de reemplazo Tipo de ítem Koha
        Biblioteca del Ateneo de Madrid Biblioteca del Ateneo de Madrid Depósito 2 17/01/2008     C-49467 1113685 23/02/2023 23/02/2023 Libro impreso